|
|
|
|
| LEADER |
01051nam a2200229 a 4500 |
| 001 |
1104159 |
| 008 |
090707s1971 nyu b 000 0 eng d |
| 020 |
|
|
|0 671007564
|
| 040 |
|
|
|a DLC
|c DLC
|
| 082 |
0 |
0 |
|a 842/.914
|2 18
|
| 100 |
1 |
|
|a Miller, Walter J.
|
| 245 |
1 |
0 |
|a Samuel Becketts Waiting for Godot and other works :
|b Endgame, Krapps last tape, All that fall : Three novels: Molloy, Malone dies, The unnamable /
|c Walter James Miller and Bonnie E. Nelson.
|
| 260 |
|
|
|a New York :
|b Monarch Press,
|c 1971.
|
| 300 |
|
|
|a 120 p. ;
|c 21 cm.
|
| 504 |
|
|
|a Includes Bibliography (p.117-120)
|
| 541 |
1 |
|
|e 00013562
|
| 600 |
1 |
0 |
|a Beckett, Samuel,
|d 1906-1989.
|x Criticism and interpretation..
|
| 600 |
1 |
0 |
|a Beckett, Samuel,
|d 1906-1989.
|t En attendant Godot.
|
| 700 |
1 |
|
|a Nelson, Bonnie E.
|
| 852 |
4 |
|
|a Ayesha Abed Library
|j General shelf
|
| 999 |
|
|
|c 2215
|d 2215
|
| 952 |
|
|
|0 0
|1 0
|2 ddc
|4 1
|6 842_914000000000000_MIL
|7 0
|9 2040
|a BRACUL
|b BRACUL
|c SPS
|d 2009-07-09
|g 12.00
|l 1
|m 4
|o 842.914 MIL
|p 3010013562
|r 2017-06-14
|s 2017-04-26
|t 1
|w 2009-07-09
|y BK
|x Price not available in Register
|